| 000 | 01815nam a2200433 a 4500 | ||
|---|---|---|---|
| 001 | 000008927 | ||
| 003 | DO-SdBNP | ||
| 005 | 20260417182716.0 | ||
| 006 | a||||gr|||| 00| 0 | ||
| 007 | ta | ||
| 008 | 090921s2002 dr a 001 p spa d | ||
| 020 | _a9993433519 | ||
| 040 |
_aDO-SdBNP _bspa _cBNPHU _erda |
||
| 082 | 4 |
_aH861.508 _bC581p |
|
| 245 | 0 | 3 |
_aLa ciudad prestada : _bpoesía latinoamericana posmoderna en Nueva York / _ccompilador, Pedro López Adorno; ilustración, Yuly Monción. |
| 264 | 1 |
_aSanto Domingo : _bMediabyte, _c2002 |
|
| 300 |
_a242 página : _bIlustración ; _c20 cm. |
||
| 336 |
_2rdaconten _atexto _btxt |
||
| 337 |
_2rdamedia _asin medición _bn |
||
| 338 |
_2rdacarrier _avolumen _bnc |
||
| 490 | 1 |
_aLuna Cabeza Caliente ; _v9 |
|
| 505 | 2 |
_tPoéticas de la posmodernidad: el caso latinoaméricano en Nueva York -- _tPoetas / Poemas : _rJosé Kozer -- _rRaúl Barrientos -- _rJuan Manuel Rivera -- _rDionisio Cañas -- _rAlexis Gómez Rosa -- _rMaría Negroni -- _rGiannina Braschi -- _rPedro López Adorno. |
|
| 590 | _aInventariado, 2023 / MF | ||
| 650 | 4 |
_aPoesía latinoamericana _xColecciones _99169 |
|
| 650 | 4 |
_aAutores hispanoamericanos _xCrítica e interpretación _9217 |
|
| 650 | 4 |
_aLiteratura latinoamericana _94717 |
|
| 650 | 0 |
_aLiteratura hispanoamericana _9318 |
|
| 700 | 1 |
_aKozer, José, _d1940- _914627 |
|
| 700 | 1 |
_aBarrientos, Raúl, _d1942- _923498 |
|
| 700 | 1 |
_aRivera, Juan Manuel, _d1943- _923499 |
|
| 700 | 1 |
_aCañas, Dionisio, _d1949- _923500 |
|
| 700 | 1 |
_aGómez Rosa, Alexis, _d1950- _923501 |
|
| 700 | 1 |
_aNegroni, María, _d1951- _923502 |
|
| 700 | 1 |
_aBraschi, Giannina, _d1953 - _923503 |
|
| 700 | 1 |
_aLópez Adorno, Pedro, _d1954 - _ecomp. _923504 |
|
| 700 | 1 |
_aMonción, Yuly, _eilustrador _923505 |
|
| 910 | _aValidado. Control de calidad EMS | ||
| 942 |
_2ddc _cLBS1 |
||
| 999 |
_c8693 _d8693 |
||